Working papers for use with managerial accounting

Contains forms that help students organize their solutions to homework problems.

שמור ב:
מידע ביבליוגרפי
מחבר ראשי: Garrison, Ray H.
פורמט: ספר
שפה:Undetermined
יצא לאור: Boston McGraw-Hill/Irwin 2006
נושאים:
תגים: הוספת תג
אין תגיות, היה/י הראשונ/ה לתייג את הרשומה!
Thư viện lưu trữ: Trung tâm Học liệu Trường Đại học Cần Thơ
LEADER 00652nam a2200205Ia 4500
001 CTU_166708
008 210402s9999 xx 000 0 und d
020 |c 71.56 
082 |a 658.1511 
082 |b G242 
100 |a Garrison, Ray H. 
245 0 |a Working papers for use with managerial accounting 
245 0 |c Ray H. Garrison, Eric W. Noreen, Peter C. Brewer 
260 |a Boston 
260 |b McGraw-Hill/Irwin 
260 |c 2006 
520 |a Contains forms that help students organize their solutions to homework problems. 
650 |a Managerial accounting 
904 |i Giang 
980 |a Trung tâm Học liệu Trường Đại học Cần Thơ